[Event "FSFMA December 2011"]
[Site "Budapest HUN"]
[Date "2011.12.05"]
[Round "3"]
[White "Koczo,K"]
[Black "Kozak,Adam"]
[Result "1-0"]
[WhiteElo "2147"]
[BlackElo "1864"]
[WhiteFideId "723460"]
[BlackFideId "753246"]
[EventDate "2011.12.03"]

1. d4 d5 2. c4 c6 3. Nf3 Nf6 4. Nc3 e6 5. Bg5 dxc4 6. e4 b5 7. e5 h6 8. Bh4 g5
9. Nxg5 hxg5 10. Bxg5 Nbd7 11. exf6 Bb7 12. g3 Qb6 13. Bg2 O-O-O 14. O-O c5 15.
d5 Ne5 16. Qe2 Nd3 17. dxe6 Bxg2 18. Kxg2 Qc6+ 19. f3 fxe6 20. Rfd1 Bh6 21. Ne4
Bxg5 22. Nxg5 Rd5 23. Qxe6+ Qxe6 24. Nxe6 Re5 25. Nf4 Nxf4+ 26. gxf4 Rf5 27. a4
b4 28. Rac1 Rxf4 29. Rd5 c3 30. Rxc5+ Kd7 31. bxc3 bxc3 32. a5 Rg8+ 33. Kf2 Rh4
34. f7 Rxh2+ 35. Ke3 Rf8 36. R1xc3 Rxf7 37. Rc7+ Ke8 38. Rxf7 Kxf7 39. Rc7+ Kg6
40. Rxa7 Ra2 41. Kf4 Ra1 42. Ra6+ Kg7 43. Kf5 Ra3 44. Ra7+ Kh6 45. f4 Ra4 46.
Ke5 Ra1 47. f5 Re1+ 48. Kf6 Ra1 49. Kf7 Rf1 50. f6 Kh7 51. Ke8+ Kg6 52. f7 Re1+
53. Re7 Rb1 54. Re6+ Kf5 55. Rb6 1-0

[Event "FSFMA December 2011"]
[Site "Budapest HUN"]
[Date "2011.12.05"]
[Round "3"]
[White "Letay,G"]
[Black "Mester,A"]
[Result "1-0"]
[WhiteTitle "FM"]
[WhiteElo "2029"]
[BlackElo "2084"]
[WhiteFideId "701360"]
[BlackFideId "725587"]
[EventDate "2011.12.03"]

1. e4 Nf6 2. Nc3 d5 3. e5 Nfd7 4. d4 c5 5. Nf3 e6 6. dxc5 Nc6 7. Bf4 Bxc5 8. Bd3
a6 9. O-O h6 10. h3 b5 11. a3 Bb7 12. Re1 Be7 13. Qe2 O-O 14. Bg3 Nc5 15. Nd1
Nxd3 16. Qxd3 Rc8 17. c3 Na5 18. Ne3 Nc4 19. Nxc4 dxc4 20. Qe2 Qb6 21. Rad1 Bd5
22. Nd4 a5 23. f4 Bc5 24. Bf2 g6 25. Rd2 Qb7 26. Qg4 Kh7 27. Red1 Rg8 28. Kh2 b4
29. axb4 axb4 30. Be3 b3 31. Qh4 Be7 32. Qf2 Ra8 33. Rg1 h5 34. Qe2 Kg7 35. g4
hxg4 36. Qxg4 Kf8 37. f5 exf5 38. Nxf5 Be6 39. Rf2 Qc8 40. Bh6+ Ke8 41. Qe4 Bc5
42. Nd6+ Bxd6 43. exd6 Kd7 44. Rxf7+ Bxf7 45. Qe7+ Kc6 46. Qxf7 Rb8 47. Qxc4+
Kd7 48. Qf7+ Kc6 49. Rd1 Qf5 50. Qc7+ Kb5 51. c4+ Kb4 52. Bd2+ 1-0

[Event "FSFMA December 2011"]
[Site "Budapest HUN"]
[Date "2011.12.05"]
[Round "3"]
[White "Gal,Han"]
[Black "Juracsik,J"]
[Result "0-1"]
[WhiteElo "1924"]
[BlackElo "2172"]
[WhiteFideId "711861"]
[BlackFideId "703982"]
[EventDate "2011.12.03"]

1. e4 c5 2. Nf3 d6 3. c3 Nf6 4. Be2 Bd7 5. Qc2 Bc6 6. d3 e5 7. O-O Nbd7 8. Nbd2
Rc8 9. Re1 Be7 10. Nf1 O-O 11. h3 d5 12. Ng3 Re8 13. Bf1 Bf8 14. Bd2 b5 15. b3
Qc7 16. c4 bxc4 17. bxc4 d4 18. a4 a5 19. Ne2 Nb8 20. g4 Na6 21. Ng3 Nb4 22. Qd1
g6 23. Nh2 Nd7 24. Be2 Bg7 25. Rf1 Nb6 26. g5 Ra8 27. Ng4 Qd7 28. Qc1 Qe6 29. f4
exf4 30. Bxf4 Nd7 31. Qd2 f6 32. gxf6 Nxf6 33. Nxf6+ Bxf6 34. Bg4 Qe7 35. Ne2 h5
36. Bf3 Kh7 37. Kh1 Qd7 38. Bg2 Bg7 39. Qd1 Rf8 40. Ng3 Rf7 41. Kh2 Raf8 42. Ne2
Rxf4 43. Rxf4 Be5 44. Qd2 Qd6 45. Rf1 g5 0-1

[Event "FSFMA December 2011"]
[Site "Budapest HUN"]
[Date "2011.12.06"]
[Round "4"]
[White "Dancs,Z"]
[Black "Juracsik,J"]
[Result "1/2-1/2"]
[WhiteElo "2114"]
[BlackElo "2172"]
[WhiteFideId "707805"]
[BlackFideId "703982"]
[EventDate "2011.12.03"]

1. e4 c5 2. Nf3 d6 3. d4 cxd4 4. Nxd4 Nf6 5. Nc3 a6 6. Bg5 e6 7. f4 Be7 8. Qf3
Qc7 9. O-O-O Nbd7 10. g4 b5 11. Bxf6 Nxf6 12. g5 Nd7 13. f5 Bxg5+ 14. Kb1 Ne5
15. Qf2 Bf6 16. Bxb5+ axb5 17. Ndxb5 Qa5 18. Nxd6+ Ke7 19. Qd2 Rd8 1/2-1/2

[Event "FSFMA December 2011"]
[Site "Budapest HUN"]
[Date "2011.12.06"]
[Round "4"]
[White "Mester,A"]
[Black "Gupta,B"]
[Result "1-0"]
[WhiteElo "2084"]
[BlackElo "1998"]
[WhiteFideId "725587"]
[BlackFideId "5086310"]
[EventDate "2011.12.03"]

1. e4 e6 2. d4 d5 3. Nc3 Bb4 4. e5 c5 5. Qg4 Ne7 6. dxc5 Bxc3+ 7. bxc3 Qa5 8.
Bd2 O-O 9. Nf3 Nd7 10. Bd3 f5 11. exf6 Nxf6 12. Qh4 Qxc5 13. O-O Nc6 14. Rfe1 h6
15. Re2 Bd7 16. Rae1 Rae8 17. Ne5 Nxe5 18. Rxe5 Qe7 19. Bxh6 gxh6 20. Qxh6 Nh7
21. R1e3 Rf7 22. Rh3 Rg7 23. Reh5 Nf6 24. Qh8+ Kf7 25. Bg6+ Kxg6 26. Rg3+ Ng4
27. Rxg4+ Kf6 28. Rh6+ Kf5 29. Qxg7 Qxg7 30. Rxg7 Bc6 31. Rh5+ Kf6 32. Rhg5 e5
33. h4 d4 34. g4 dxc3 35. R5g6# 1-0

[Event "FSFMA December 2011"]
[Site "Budapest HUN"]
[Date "2011.12.06"]
[Round "4"]
[White "Kozak,Adam"]
[Black "Letay,G"]
[Result "1-0"]
[BlackTitle "FM"]
[WhiteElo "1864"]
[BlackElo "2029"]
[WhiteFideId "753246"]
[BlackFideId "701360"]
[EventDate "2011.12.03"]

1. Nf3 Nf6 2. g3 g6 3. Bg2 Bg7 4. O-O O-O 5. d4 d5 6. c4 c6 7. Nc3 b6 8. Ne5 Bb7
9. Bf4 Nh5 10. cxd5 cxd5 11. Be3 e6 12. Nd3 Nc6 13. Nc1 Rc8 14. Nb3 a6 15. Qd2
f5 16. Bg5 Qd6 17. Bf3 Nf6 18. Bf4 Qb4 19. Qd3 Ne4 20. Rfd1 Qe7 21. h3 g5 22.
Bd2 Qf6 23. Be1 g4 24. Bg2 Nd6 25. Rac1 h5 26. e3 Ne7 27. Ne2 h4 28. Nf4 Bh6 29.
Bb4 Rfd8 30. Qe2 a5 31. Be1 a4 32. Na1 Bxf4 33. gxf4 1-0

[Event "FSFMA December 2011"]
[Site "Budapest HUN"]
[Date "2011.12.06"]
[Round "4"]
[White "Farkas,R"]
[Black "Koczo,K"]
[Result "0-1"]
[WhiteElo "2111"]
[BlackElo "2147"]
[WhiteFideId "703850"]
[BlackFideId "723460"]
[EventDate "2011.12.03"]

1. d4 d5 2. c4 dxc4 3. Nc3 c5 4. d5 e6 5. e4 Nf6 6. Bxc4 exd5 7. exd5 a6 8. a4
Bd6 9. Nf3 Bg4 10. h3 Bxf3 11. Qxf3 Nbd7 12. O-O O-O 13. Bf4 Ne5 14. Bxe5 Bxe5
15. Rad1 Bxc3 16. Qxc3 Qd6 17. a5 b5 18. axb6 Rfb8 19. Ra1 Rxb6 20. Ra5 Nd7 21.
Re1 Rab8 22. b3 Kf8 23. Qd3 Nf6 24. Rea1 Re8 25. g3 Qd7 26. Kg2 Ne4 27. Rxa6
Rxa6 28. Bxa6 Qf5 29. f3 Qe5 30. Ra2 Qxg3+ 31. Kf1 Qxh3+ 32. Rg2 Ng3+ 33. Kf2
Re2+ 34. Qxe2 Nxe2 35. Bxe2 Qh4+ 36. Kf1 Qd4 37. Bc4 Qd1+ 38. Kf2 Ke7 39. Kg3
Kf6 40. Kf2 h5 41. Rh2 Kg5 42. Kg3 Qe1+ 43. Kg2 Kf4 0-1

[Event "FSFMA December 2011"]
[Site "Budapest HUN"]
[Date "2011.12.07"]
[Round "5"]
[White "Laza,S"]
[Black "Dancs,Z"]
[Result "0-1"]
[WhiteElo "1869"]
[BlackElo "2114"]
[WhiteFideId "741345"]
[BlackFideId "707805"]
[EventDate "2011.12.03"]

1. d4 Nf6 2. Nf3 d5 3. c4 e6 4. cxd5 exd5 5. Nc3 Be7 6. Bg5 c6 7. e3 Nbd7 8. Bd3
O-O 9. O-O Re8 10. a3 a5 11. Rb1 Nf8 12. h3 Ne6 13. Bh4 g6 14. Qc2 Ng7 15. b4
axb4 16. axb4 Bf5 17. Bxf5 Nxf5 18. Bxf6 Bxf6 19. b5 Nd6 20. bxc6 bxc6 21. Rfc1
Nc4 22. Ra1 Qe7 23. Na4 Reb8 24. Nc5 Rxa1 25. Rxa1 Rb2 26. Qa4 Bh4 27. Nd3 Bxf2+
28. Nxf2 Qxe3 29. Rf1 Nd6 30. Qxc6 Ne4 31. Qe8+ Kg7 32. Ne5 Rxf2 33. Rxf2 Qxf2+
34. Kh2 Qf4+ 35. Kg1 Nd6 36. Qe7 Nc4 37. Nd3 Qe3+ 38. Qxe3 Nxe3 39. Kf2 Nf5 40.
Nb4 Ne7 41. Nd3 f6 42. Kf3 Kf7 43. Nc5 Nf5 44. Nb3 Ke6 45. g4 Ne7 46. Nc5+ Kd6
47. Nd3 f5 48. Nf4 g5 49. Nh5 f4 50. Ng7 Nc6 51. Nf5+ Ke6 52. Ke2 Ne7 53. Ng7+
Kf7 54. Nh5 Ng8 55. h4 h6 56. hxg5 hxg5 57. Kf3 Nf6 58. Nxf4 gxf4 59. Kxf4 Kg6
60. g5 Nd7 0-1

[Event "FSFMA December 2011"]
[Site "Budapest HUN"]
[Date "2011.12.07"]
[Round "5"]
[White "Koczo,K"]
[Black "Zala,G"]
[Result "1-0"]
[WhiteElo "2147"]
[BlackElo "1999"]
[WhiteFideId "723460"]
[BlackFideId "707058"]
[EventDate "2011.12.03"]

1. d4 d5 2. c4 e6 3. Nc3 f5 4. Nf3 c6 5. g3 Nf6 6. Bg2 Be7 7. O-O O-O 8. Qc2 Qe8
9. Bg5 Nbd7 10. cxd5 cxd5 11. Nb5 Qf7 12. Ne5 Nxe5 13. dxe5 Ne8 14. Bxe7 Qxe7
15. f4 Bd7 16. Nd4 Rc8 17. Qd2 Nc7 18. Rfc1 Na6 19. e3 Qb4 20. Qxb4 Nxb4 21. Bf1
a6 22. a3 Nc6 23. Nb3 Rcd8 24. Nc5 Bc8 25. Bg2 Na5 26. Rc3 b6 27. Na4 b5 28. Nc5
Nc4 29. b3 Nb6 30. Rd1 Rde8 31. Rd4 Rf7 32. Rb4 Rc7 33. a4 Bd7 34. a5 Na8 35.
Rd4 b4 36. Rxb4 Rec8 37. Nxd7 Rxc3 38. Bf1 Nc7 39. Kf2 Rc2+ 40. Be2 Ra2 41. Nb8
Rxa5 42. Nc6 1-0

[Event "FSFMA December 2011"]
[Site "Budapest HUN"]
[Date "2011.12.07"]
[Round "5"]
[White "Gupta,B"]
[Black "Kozak,Adam"]
[Result "0-1"]
[WhiteElo "1998"]
[BlackElo "1864"]
[WhiteFideId "5086310"]
[BlackFideId "753246"]
[EventDate "2011.12.03"]

1. e4 c5 2. Nf3 d6 3. c3 Nf6 4. Be2 Nbd7 5. Qc2 Qc7 6. O-O g6 7. d3 Bg7 8. Be3
O-O 9. h3 b6 10. Nbd2 Bb7 11. a4 Rfe8 12. Nh2 d5 13. Rad1 Qc6 14. Ng4 Nxg4 15.
Bxg4 d4 16. Bf4 dxc3 17. bxc3 Rad8 18. Nc4 Ba6 19. Ne3 h5 20. Be2 Bb7 21. Nc4 a6
22. Bf3 Qe6 23. Rb1 b5 24. Na5 Bc6 25. Nxc6 Qxc6 26. e5 Qb6 27. axb5 axb5 28.
Rfe1 Nf8 29. c4 b4 30. Bd5 Ne6 31. Bg3 Nd4 32. Qa4 e6 33. Be4 Rc8 34. f4 Bh6 35.
Rb2 h4 36. Bxh4 Bxf4 37. Bf6 Qc7 38. Rbb1 Bd2 39. Rf1 Ne2+ 40. Kh2 Nc3 41. Qc6
Qxc6 42. Bxc6 Nxb1 43. Bxe8 Rxe8 44. Rxb1 Bc3 45. Rf1 b3 46. Rf4 g5 47. Rg4 Bd2
48. Bxg5 Bxg5 49. Rxg5+ Kh7 0-1

[Event "FSFMA December 2011"]
[Site "Budapest HUN"]
[Date "2011.12.08"]
[Round "6"]
[White "Mester,A"]
[Black "Juracsik,J"]
[Result "1/2-1/2"]
[WhiteElo "2084"]
[BlackElo "2172"]
[WhiteFideId "725587"]
[BlackFideId "703982"]
[EventDate "2011.12.03"]

1. e4 e5 2. Nf3 Nc6 3. Bb5 a6 4. Bxc6 dxc6 5. O-O Bd6 6. d3 Ne7 7. Be3 c5 8.
Nbd2 O-O 9. a4 b6 10. h3 h6 11. Nc4 Ng6 12. Qd2 Kh7 13. c3 Be6 14. Nh2 Qe7 15.
b3 Rad8 16. Rad1 f5 17. exf5 Bxf5 18. Qe2 1/2-1/2

[Event "FSFMA December 2011"]
[Site "Budapest HUN"]
[Date "2011.12.08"]
[Round "6"]
[White "Kozak,Adam"]
[Black "Gal,Han"]
[Result "1-0"]
[WhiteElo "1864"]
[BlackElo "1924"]
[WhiteFideId "753246"]
[BlackFideId "711861"]
[EventDate "2011.12.03"]

1. d4 Nf6 2. c4 e6 3. Nf3 c5 4. d5 b5 5. cxb5 exd5 6. g3 Bb7 7. Bg2 Be7 8. O-O
O-O 9. Bf4 a6 10. bxa6 Nxa6 11. Qb3 Nb4 12. a3 d4 13. Nbd2 Bd5 14. Qd1 Nc6 15.
e3 Qb6 16. Qc1 d3 17. Ne1 Bxg2 18. Kxg2 Qb5 19. Nc4 Na5 20. Nxa5 Rxa5 21. Rb1
Qb3 22. Nf3 Ne4 23. Nd2 Nxd2 24. Qxd2 Rb5 25. Rfc1 Bf6 26. a4 Qd5+ 27. Kg1 Rb3
28. e4 Qxe4 29. Rxc5 Qxa4 30. Rd5 Qa2 31. Rf1 Qxb2 32. Rxd3 Rxd3 33. Qxd3 Qb7
34. Rb1 Qa7 35. Qf3 Qa8 36. Rb7 Rd8 37. Bc7 Re8 38. Kg2 h6 39. Qd5 Qa4 40. Bf4
Qe4+ 41. Qxe4 Rxe4 42. Rxd7 Re7 43. Rd3 Be5 44. Be3 h5 45. Rd5 g6 46. Rd8+ Kg7
47. Bc5 Rb7 48. Re8 Bf6 49. h4 Rc7 50. Be3 Re7 51. Ra8 Rd7 52. Kf3 Bd4 53. Bg5
Bf6 54. Bf4 Rb7 55. Ra3 Rd7 56. Kg2 Bd4 57. Rd3 Kf6 58. Be3 Ke5 59. Kf3 Rd8 60.
Ke2 Ke4 61. Rd1 Bf6 62. Rb1 Rd7 63. Rb5 Rd5 64. Rb7 Ra5 65. Rxf7 Ra2+ 66. Kf1
Ra6 67. Kg2 Rc6 68. Rf8 Re6 69. Bg5 Bxg5 70. hxg5 Kd5 71. f4 Kd6 72. Rf7 Re7 73.
Rxe7 Kxe7 74. Kf3 Kf7 75. Ke4 Ke6 76. f5+ gxf5+ 77. Kf4 Kf7 78. Kxf5 Kg7 79. g6
Kh6 80. Kf6 1-0

[Event "FSFMA December 2011"]
[Site "Budapest HUN"]
[Date "2011.12.08"]
[Round "6"]
[White "Farkas,R"]
[Black "Gupta,B"]
[Result "0-1"]
[WhiteElo "2111"]
[BlackElo "1998"]
[WhiteFideId "703850"]
[BlackFideId "5086310"]
[EventDate "2011.12.03"]

1. d4 d5 2. c4 e6 3. Nc3 Nf6 4. Bg5 Nbd7 5. e4 dxe4 6. Nxe4 Bb4+ 7. Nc3 h6 8.
Bxf6 Qxf6 9. Nf3 O-O 10. Be2 e5 11. O-O Bxc3 12. bxc3 b6 13. dxe5 Nxe5 14. Nxe5
Qxe5 15. Qd5 Qxd5 16. cxd5 Bb7 17. Bf3 Rad8 18. Rfd1 Rd6 19. Rd4 Re8 20. h3 Re5
21. Rad1 f5 22. c4 Kf7 23. Kf1 Kf6 24. Be2 Re4 25. f4 Rxd4 26. Rxd4 c6 27. Bf3
Ba6 28. Kf2 c5 29. Rd2 Bxc4 30. Ke3 b5 31. a3 Ra6 32. d6 Rxa3+ 33. Kf2 Rd3 34.
Rxd3 Bxd3 35. Bd5 Bc4 36. Bc6 Ke6 37. d7 Ke7 38. Ke3 b4 39. g4 fxg4 40. hxg4 Be6
41. f5 Bxd7 42. Bd5 a5 43. Kd3 Bb5+ 0-1

[Event "FSFMA December 2011"]
[Site "Budapest HUN"]
[Date "2011.12.08"]
[Round "6"]
[White "Zala,G"]
[Black "Letay,G"]
[Result "1-0"]
[BlackTitle "FM"]
[WhiteElo "1999"]
[BlackElo "2029"]
[WhiteFideId "707058"]
[BlackFideId "701360"]
[EventDate "2011.12.03"]

1. d4 Nf6 2. e3 d5 3. f4 e6 4. Nf3 b6 5. Ne5 Bb7 6. Be2 g6 7. O-O Bg7 8. c3 O-O
9. Nd2 c5 10. Qe1 cxd4 11. exd4 Ne4 12. Rf3 Nc6 13. Rh3 Nxe5 14. Nxe4 dxe4 15.
fxe5 f5 16. Bc4 Qe7 17. Qh4 Qxh4 18. Bxe6+ Kh8 19. Rxh4 Rfe8 20. Bf7 Bxe5 21.
dxe5 Rxe5 22. Bf4 Re7 23. Bxg6 e3 24. Re1 e2 1-0

[Event "FSFMA December 2011"]
[Site "Budapest HUN"]
[Date "2011.12.09"]
[Round "7"]
[White "Koczo,K"]
[Black "Dancs,Z"]
[Result "1/2-1/2"]
[WhiteElo "2147"]
[BlackElo "2114"]
[WhiteFideId "723460"]
[BlackFideId "707805"]
[EventDate "2011.12.03"]

1. d4 d5 2. c4 e6 3. Nc3 Nf6 4. cxd5 exd5 5. Bg5 Be7 6. e3 O-O 7. Bd3 c6 8. Qc2
Nbd7 9. Nf3 Re8 10. O-O g6 11. Rab1 a5 12. a3 Nf8 13. b4 axb4 14. axb4 Ne6 15.
Bh4 Ng7 16. b5 Bf5 17. bxc6 bxc6 18. Ne5 Bxd3 19. Qxd3 Qc8 20. Rb6 Nd7 21. Rxc6
Qb7 22. Bxe7 Nxe5 23. dxe5 Qxc6 24. Nxd5 Rec8 25. Bd6 Qc2 26. Qd4 Ra4 27. Ne7+
Kh8 28. Qxa4 Qxa4 29. Nxc8 Nf5 30. Ne7 Nh4 31. f3 Qc2 32. Rf2 Qc1+ 33. Rf1 Qxe3+
34. Kh1 Qe2 35. Rg1 h5 36. f4 Kg7 37. Bb4 Qe4 38. Bc3 Qb7 39. e6+ f6 40. Be1
Qxe7 41. Bxh4 Qxe6 42. Rf1 Qe2 43. Kg1 Qe3+ 44. Kh1 Qe2 45. Kg1 Qg4 46. Be1 Qe2
47. Bh4 Kf7 48. h3 Qc4 49. Bg3 Ke6 50. f5+ gxf5 51. Rf4 Qc1+ 52. Kh2 Qe3 53. Rh4
Kf7 54. Rf4 Kg6 55. Rf3 Qc1 56. Rf4 Qd1 57. Rh4 Kg5 58. Bf4+ Kg6 59. Bg3 Kf7 60.
Rf4 Ke6 61. Rh4 Qe2 62. Rf4 Qe3 63. Rf3 Qg5 64. Rf4 Kf7 65. Rf3 h4 66. Bf4 Qg8
67. Be3 Ke6 68. Bf2 Qg5 69. Be3 Qh5 70. Bf2 Ke5 71. Re3+ Kf4 72. Rf3+ Kg5 73.
Be3+ Kg6 74. Bf2 f4 75. Rxf4 Qe5 76. g3 hxg3+ 77. Bxg3 Qe2+ 78. Rf2 Qe3 79. Rf4
f5 80. Rf2 1/2-1/2

[Event "FSFMA December 2011"]
[Site "Budapest HUN"]
[Date "2011.12.09"]
[Round "7"]
[White "Letay,G"]
[Black "Laza,S"]
[Result "0-1"]
[WhiteTitle "FM"]
[WhiteElo "2029"]
[BlackElo "1869"]
[WhiteFideId "701360"]
[BlackFideId "741345"]
[EventDate "2011.12.03"]

1. e4 c5 2. Nc3 Nc6 3. g3 g6 4. Bg2 Bg7 5. d3 e6 6. Be3 Qa5 7. Qd2 Nge7 8. Nge2
Nd4 9. Nc1 Nec6 10. O-O d6 11. Nb3 Qb6 12. Nd1 O-O 13. Rc1 Bd7 14. f4 Rac8 15.
Rf2 a5 16. Na1 Nb5 17. c3 f5 18. b4 axb4 19. cxb4 Nxb4 20. Qxb4 cxb4 21. Rxc8
Bd4 22. Rxf8+ Kxf8 23. Nc2 Bxe3 24. Ndxe3 Nd4 25. Nc4 Qc5 26. exf5 Nxc2 27. fxe6
Bxe6 28. f5 gxf5 29. g4 0-1

[Event "FSFMA December 2011"]
[Site "Budapest HUN"]
[Date "2011.12.09"]
[Round "7"]
[White "Gal,Han"]
[Black "Farkas,R"]
[Result "1/2-1/2"]
[WhiteElo "1924"]
[BlackElo "2111"]
[WhiteFideId "711861"]
[BlackFideId "703850"]
[EventDate "2011.12.03"]

1. e4 c5 2. Nf3 e6 3. c4 Qc7 4. d4 cxd4 5. Nxd4 a6 6. Nc3 Nf6 7. Be3 Be7 8. Be2
d6 9. O-O b6 10. f3 Nbd7 11. Rc1 Bb7 12. Qd2 Rc8 13. Kh1 O-O 14. Rfd1 Qb8 15.
Bf1 Bd8 16. Bg1 Bc7 17. b4 Rfe8 18. Nb3 d5 19. cxd5 Bf4 20. Be3 Bxe3 21. Qxe3
exd5 22. Nd2 dxe4 23. Ncxe4 Rxc1 24. Rxc1 Nxe4 25. Nxe4 Bxe4 26. fxe4 Qb7 27.
Rd1 h6 28. Qd4 Nf8 29. Qd5 Qe7 30. a3 b5 31. Qd6 1/2-1/2

[Event "FSFMA December 2011"]
[Site "Budapest HUN"]
[Date "2011.12.09"]
[Round "7"]
[White "Juracsik,J"]
[Black "Kozak,Adam"]
[Result "1/2-1/2"]
[WhiteElo "2172"]
[BlackElo "1864"]
[WhiteFideId "703982"]
[BlackFideId "753246"]
[EventDate "2011.12.03"]

1. e4 e5 2. Nf3 Nc6 3. Nc3 Nf6 4. Bb5 d6 5. d4 exd4 6. Nxd4 Bd7 7. Bxc6 bxc6 8.
Qf3 c5 9. Nf5 Bxf5 10. exf5 Rb8 11. O-O Be7 12. b3 O-O 13. Bb2 Re8 14. Rfe1 Qd7
15. Rad1 c4 16. h3 cxb3 17. axb3 c6 18. Ne4 Nxe4 19. Rxe4 Bf8 20. Rg4 Kh8 21. c4
f6 22. Rh4 h6 23. Rg4 Qb7 24. Rg3 Qc7 25. Qh5 Re4 26. Rd4 Rbe8 27. Rxe4 Rxe4 28.
Qg6 Qe7 29. Bc3 Re2 30. Qg4 Qe4 31. Qxe4 Rxe4 32. Rd3 Re2 33. g4 Kg8 34. Kg2 Ra2
35. Bd2 a5 36. b4 axb4 37. Bxb4 c5 38. Be1 Re2 39. Bd2 Re4 40. Rc3 Re5 1/2-1/2

[Event "FSFMA December 2011"]
[Site "Budapest HUN"]
[Date "2011.12.10"]
[Round "8"]
[White "Dancs,Z"]
[Black "Mester,A"]
[Result "1-0"]
[WhiteElo "2114"]
[BlackElo "2084"]
[WhiteFideId "707805"]
[BlackFideId "725587"]
[EventDate "2011.12.03"]

1. e4 c5 2. Nf3 Nc6 3. d4 cxd4 4. Nxd4 Qb6 5. Nb3 Nf6 6. Nc3 e6 7. Bd3 Be7 8.
Be3 Qc7 9. f4 d6 10. O-O a6 11. Qf3 b5 12. e5 Nd7 13. exd6 Bxd6 14. Bxb5 Bb7 15.
Rad1 O-O 16. Bd3 Nf6 17. Qh3 Nb4 18. Bd4 Nxd3 19. Rxd3 Be7 20. Be5 Qb6+ 21. Kh1
Ne4 22. Bd4 Qc7 23. Nxe4 Bxe4 24. Re3 Bg6 25. c3 Qc4 26. Nd2 Qc7 27. Qg3 Bc5 28.
Nf3 Bxd4 29. Nxd4 Qc4 30. Qf3 Qxa2 31. b4 Qc4 32. Ra1 Rac8 33. h4 h5 34. Ra5
Rfd8 35. Kh2 Rd6 36. Qb7 Rcd8 37. Rc5 Qf1 38. Qf3 Qb1 39. Rc6 Rxd4 40. cxd4 Qxb4
41. Rxa6 Qxd4 42. Ra8 Rxa8 43. Qxa8+ Kh7 44. Qf3 Qf6 45. Kg3 Qf5 46. Re5 Qb1 47.
Qc3 Qd1 48. Qf3 Qxf3+ 49. Kxf3 Bf5 50. Ke3 Kg6 51. Kd4 Kf6 52. Ra5 Bg6 53. Rg5
Ke7 54. Kc5 Kf8 55. Kd6 Be4 56. Rxh5 g6 57. Rg5 f6 58. Ra5 e5 59. fxe5 fxe5 60.
g3 1-0

[Event "FSFMA December 2011"]
[Site "Budapest HUN"]
[Date "2011.12.10"]
[Round "8"]
[White "Farkas,R"]
[Black "Juracsik,J"]
[Result "1/2-1/2"]
[WhiteElo "2111"]
[BlackElo "2172"]
[WhiteFideId "703850"]
[BlackFideId "703982"]
[EventDate "2011.12.03"]

1. e4 c5 2. Nf3 Nc6 3. d4 cxd4 4. Nxd4 e5 5. Nb5 d6 6. c4 Be7 7. N1c3 a6 8. Na3
Nf6 9. Be2 O-O 10. Be3 Be6 11. O-O Rc8 12. f3 Nh5 13. Nd5 Bg5 14. Bb6 Qd7 15.
Nc2 Nf4 16. Nxf4 exf4 17. Qd2 Ne5 18. b3 f5 19. exf5 Bxf5 20. Nb4 Rf6 21. Nd3
Nf7 22. Nf2 d5 23. Ba5 d4 24. Rad1 b6 25. Bc3 Rd6 26. Bb4 Re6 27. Bd3 Bxd3 28.
Qxd3 Rd8 29. Ne4 Ne5 30. Qd2 Bh6 31. c5 1/2-1/2

[Event "FSFMA December 2011"]
[Site "Budapest HUN"]
[Date "2011.12.10"]
[Round "8"]
[White "Zala,G"]
[Black "Gal,Han"]
[Result "0-1"]
[WhiteElo "1999"]
[BlackElo "1924"]
[WhiteFideId "707058"]
[BlackFideId "711861"]
[EventDate "2011.12.03"]

1. e4 c5 2. a3 e6 3. b4 cxb4 4. axb4 Bxb4 5. c3 Be7 6. d4 d6 7. Bd3 Nf6 8. Ra2
b6 9. f3 Bb7 10. Ne2 e5 11. Ng3 Nbd7 12. O-O O-O 13. Nf5 Re8 14. Ba3 Qc7 15. Qb3
Rac8 16. Re2 Bf8 17. f4 exd4 18. e5 dxe5 19. Bxf8 Nxf8 20. Bb5 Bd5 21. Qb4 Re6
22. cxd4 e4 23. Na3 Qc3 24. Qa4 a5 25. Rc2 Bb3 26. Rxc3 Rxc3 27. Nb1 Bxa4 28.
Nxc3 Bxb5 29. Nxb5 Nd5 30. Rc1 g6 31. Nh6+ Kg7 32. f5 Re8 33. Nd6 Re7 34. Ng4
Rd7 35. Ne8+ Kh8 36. Rc8 Ne7 37. Rb8 Nxf5 38. Nef6 Kg7 39. Rxf8 Kxf8 40. Nxd7+
Ke7 41. Nxb6 Nxd4 42. Kf2 f5 43. Ke3 Nc6 44. Nf2 Kd6 45. Na4 Kd5 46. Nb2 g5 47.
g3 Ne5 48. Nfd1 Ng4+ 49. Kd2 Nxh2 50. Ne3+ Ke6 51. Ke2 f4 52. gxf4 gxf4 53. Nec4
Ng4 54. Nxa5 h5 55. Kf1 h4 0-1

[Event "FSFMA December 2011"]
[Site "Budapest HUN"]
[Date "2011.12.10"]
[Round "8"]
[White "Laza,S"]
[Black "Gupta,B"]
[Result "0-1"]
[WhiteElo "1869"]
[BlackElo "1998"]
[WhiteFideId "741345"]
[BlackFideId "5086310"]
[EventDate "2011.12.03"]

1. d4 Nf6 2. c4 g6 3. Nc3 d5 4. e3 Bg7 5. Qb3 e6 6. Qa3 Nc6 7. Nf3 a5 8. b3 Nb4
9. Qb2 O-O 10. Be2 c5 11. O-O Ne4 12. Rd1 b6 13. a3 Nc6 14. Nb5 Na7 15. Nxa7
Rxa7 16. Qc2 cxd4 17. Nxd4 Qh4 18. Bf3 Ng5 19. Be2 dxc4 20. Qxc4 Ba6 21. Qc2 Rc8
22. Qa2 Ne4 23. Bxa6 Rxa6 24. Qe2 Ra7 25. Bb2 Rac7 26. Rac1 Rxc1 27. Rxc1 Rxc1+
28. Bxc1 Bxd4 29. exd4 Nf6 30. Be3 Qe4 31. Qd1 Nd5 32. Qc1 Qd3 33. Bh6 Nc3 34.
Kh1 Qxd4 35. h3 Qd1+ 36. Qxd1 Nxd1 37. Kg1 Nc3 38. Kf1 e5 39. Ke1 f5 40. Bc1 e4
41. Be3 Nd5 42. Bd4 Kf7 43. Kd2 Ke6 44. g3 Kd6 45. a4 Kc6 46. Kc2 g5 47. h4 gxh4
48. gxh4 h5 49. Kd2 f4 50. Ke2 f3+ 51. Kd2 Kd6 52. Bg7 Ke6 53. Bh6 Kf5 54. Bg5
Kg4 55. Bd8 Kh3 56. Ke1 Kg2 57. Bg5 e3 0-1

[Event "FSFMA December 2011"]
[Site "Budapest HUN"]
[Date "2011.12.10"]
[Round "8"]
[White "Koczo,K"]
[Black "Letay,G"]
[Result "1-0"]
[BlackTitle "FM"]
[WhiteElo "2147"]
[BlackElo "2029"]
[WhiteFideId "723460"]
[BlackFideId "701360"]
[EventDate "2011.12.03"]

1. d4 d5 2. c4 e6 3. Nc3 Be7 4. Nf3 Nf6 5. Bg5 O-O 6. e3 h6 7. Bh4 b6 8. cxd5
Nxd5 9. Bxe7 Qxe7 10. Nxd5 exd5 11. Rc1 Be6 12. Qa4 c5 13. Qa3 Rc8 14. Be2 a5
15. O-O Kf8 16. dxc5 bxc5 17. Rc3 Na6 18. Bxa6 Rxa6 19. Rfc1 c4 20. Qxe7+ Kxe7
21. Nd4 a4 22. Kf1 Rb8 23. R1c2 Kf6 24. b3 axb3 25. axb3 cxb3 26. Rxb3 Ra1+ 27.
Ke2 Rxb3 28. Nxb3 Rh1 29. h3 g5 30. Nd4 h5 31. Kf3 Ra1 32. Kg3 Ra3 33. h4 g4 34.
Rb2 Ke5 35. Rb8 Bf5 36. Re8+ Kf6 37. Kf4 Bg6 38. Rd8 Ra5 39. Rd6+ Kg7 40. Kg3
Ra2 41. Rxd5 Kh6 42. Rd6 Kg7 43. Nb5 Ra1 44. Nc3 Rg1 45. Rd1 Rxd1 46. Nxd1 Kf6
47. Kf4 Ke6 48. Kg5 Ke5 49. Nc3 Kd6 50. Ne2 Ke5 51. Nf4 Be4 52. Nxh5 Bxg2 53.
Nf6 1-0